| 000 | 00808nam a22001815i 4500 | ||
|---|---|---|---|
| 001 | 163363 | ||
| 003 | ES-MaACL | ||
| 005 | 20250522202740.0 | ||
| 008 | 991006s1891 sp |||| | spa d | ||
| 040 |
_aCCPB | B _bspa _cCCPB | B |
||
| 100 | 1 |
_aRetortillo y Tornos, Alfonso. _996367 |
|
| 245 | 1 | 0 |
_aApuntes para un estudio sobre la guerra y la paz armada / _cpor Alfonso Retortillo y Tornos ; precedido de un prólogo del Marqués de Olivart. |
| 260 |
_aMadrid : _b[s.n.], _c1891 ( _fImprenta de Fortanet) |
||
| 300 |
_aXXXI, 174 p. ; _c18 cm. |
||
| 700 | 1 |
_aOlivart, Ramón María de Dalmau, _cMarqués de, _d1861-1928 _9130617 |
|
| 852 |
_aES-MaACL _jT-590-F-2 _z-- Enc. hol., conservando la cub. original _z-- Ded. del autor al Ateneo de Madrid _z-- Enc. en un vol. facticio |
||
| 999 |
_c163363 _d163363 |
||